Manhood lost : fallen drunkards and redeeming women in the nineteenth-century United States
Αποθηκεύτηκε σε:
| Κύριος συγγραφέας: | |
|---|---|
| Μορφή: | Βιβλίο |
| Γλώσσα: | English |
| Δημοσίευση: |
Baltimore :
Johns Hopkins University Press,
2003
|
| Σειρά: | New studies in American intellectual and cultural history
|
| Θέματα: | |
| Ετικέτες: |
Προσθήκη ετικέτας
Δεν υπάρχουν, Καταχωρήστε ετικέτα πρώτοι!
|
MARC
| LEADER | 00000nam a2200000 i 4500 | ||
|---|---|---|---|
| 001 | 1/89051 | ||
| 008 | 080618s2003 eng d | ||
| 020 | |a 0-8018-7166-2 | ||
| 035 | |l 10098265 | ||
| 040 | |a GR-MY-UA |b gre |e aacr | ||
| 041 | 0 | |a eng | |
| 082 | 0 | |a 363.410973 |2 (22) | |
| 100 | 1 | |a Parsons, Elaine Frantz |d 1970- | |
| 245 | 1 | 0 | |a Manhood lost : |b fallen drunkards and redeeming women in the nineteenth-century United States / |c Elaine Frantz Parsons |
| 260 | |a Baltimore : |b Johns Hopkins University Press, |c 2003 | ||
| 300 | |a xi, 241 σ.; |b εικ.; |c 24 εκ. | ||
| 490 | 1 | |a New studies in American intellectual and cultural history | |
| 504 | |a Περιέχει βιβλιογραφικές παραπομπές και ευρετήριο | ||
| 650 | 0 | 0 | |a Alcoholism |z United States |x History |y 19th century. |
| 650 | 0 | 0 | |a Drinking of alcohol beverages |z United States |x History |y 19th century. |
| 650 | 0 | 0 | |a Sex role |z United States |x History |y 19th century. |
| 830 | 0 | |a New studies in American intellectual and cultural history | |
| 852 | |a INST |b LESVOS |e 20080618 |h 363.410973 PAR |p 005100041637 |q 005100041637 |t BK |y 0 | ||
| 901 | |a BIBL1-2008-2 | ||
| 909 | |a Λ |b 145436 | ||
| 922 | |a 1ΕΛΗ |b 200801 |c ΕΠΕΑΕΚ2/ΤΚΑ |d ΠΑΠΑΣΩΤΗΡΙΟΥ | ||
| 970 | |a ΚΑΡΑ |b ΓΙΑΣΕΜΗ |z 2008/06/18 | ||